000 01131nas a2200337 4500
001 BR2016001344
003 BR-BrBNA
005 20231205130234.0
007 ta
008 230509b bl.|||p| |||| 00| 00por d
040 _aBR-BrBNA
_bpor
_cBiblioteca Nacional de Agricultura
041 _a(Pt)
072 _aK10
100 1 _aDrescher, R.
100 1 _aGava, F.H.
100 1 _aPelissari, A.L.
100 1 _aAcosta, F.C.
100 1 _aSilva, V.S.M. e
245 1 _aEquações volumétricas para Tectona grandis Linn F. em povoamentos jovens no estado de Mato Grosso
246 1 _aVolumetric equations for Tectona grandis Linn F. in young stands in Mato Grosso state
650 _aTECA
650 _aTECTONA GRANDIS
650 _aVOLUME
650 _aANALISE
650 _aPOVOAMENTO FLORESTAL
650 _aMODELO MATEMATICO
773 0 _tAdvances in Forestry Science (Brazil)
_xISSN 2357-8181
_g(Apr-Jun 2014), v. 1(2) p. 65-70
_wBR2016001344
856 4 0 _uhttp://www.periodicoscientificos.ufmt.br/index.php/afor/article/view/1737/pdf
909 _a202311
_bLúcia
_c55
_dLúcia Elande
942 _2AGRIS
_n0
_cANA
999 _c248403
_d248403